000 01103nam2a22002531 4500
001 RU\NLR\INFOCOMM10\1000211074
005 20250617051731.0
035 _a(NLR Aleph) 002478392
090 _a2401400
_c2401400
100 _a20040331d1912 |||y0rusy50 ca
101 0 _arus
102 _aRU
105 _ay |||||||||
200 1 _aИскусственный пнеймоторакс при лечении туберкулеза легких
_fА.Н. Рубель
210 _d1912
_aБ. м.
461 0 _1001RU\NLR\INFOCOMM10\1000211007
_12001#$aКлинические монографии$eБеспл. прил. к "Врачебной газ." ...$v1912, Февр./март
_92400826
_cСПб.
_d1904-1918
_nжурн. "Практич. медицина" (Эттингер)
_oБеспл. прил. к "Врачебной газ." ...
_tКлинические монографии
_v1912, Февр./март
700 1 _aРубель
_bА.Н.
_4070
801 1 _aRU
_bInfoComm
_c20040331
801 0 _aRU
_bNLR
_gPSBO
852 _aNLR
_j1/237
942 _cISSUE
980 _aNB
980 _aRUSPER